01664nam a2200265Ia 4500003000400000005001700004008004100021020001800062040002100080041000800101082002900109110008000138245019600218260009000414300009000504500003700594505024900631520026600880650004001146650004701186650004101233650004501274700003901319700004001358OSt20200909223132.0191128s2008 ck adb fr 000 0 spa d a9789589438114 aCO-JMCRcCO-JMCR0 aspa04a364.152861 /bC718d 2231 aColombia.bObservatorio del Programa Presidencial de Derechos Humanos y DIH10aDinámica espacial de las muertes violentas en Colombia 1990-2005 / cObservatorio Programa Presidencial de los Derechos Humanos y DIH ; investigadores Camilo Echandía y Luis Gabriel Salas aBogotá : bObservatorio Programa Presidencial de los Derechos Humanos y DIH, c2008 a276 páginas : bgráficos y mapas a color ; c23x31 cm + 2 mapas plegables a color aIncluye notas a pie de página.0 aGeografía del homicidio en Colombia -- Geografía de la confrontación armada y las bajas producidas mutuamente entre la Fuerza Pública y los grupos irregulares -- Geografía de los asesinatos de civiles cometidos por actores organizados3 aEl objetivo de esta obra consiste en realizar un estudio sobre la dinámica espacial de las muertes violentas en Colombia entre los años 1990 y 2005, permitiendo identificar los momentos en que la violencia se incrementa, así como en otros en que se dismi14aViolenciavestadísticaszColombia14aDerechos HumanosvestadísticaszColombia14aHomicidiosvestadísticaszColombia24aGeografía históricavmapaszColombia1 aEchandía, Camilo, einvestigador1 aSalas, Luis Gabriel, einvestigador